| 000 | 00824nam a22002057a 4500 | ||
|---|---|---|---|
| 999 |
_c19281 _d19281 |
||
| 003 | AR-CdUCM | ||
| 008 | 190517b ||||| |||| 00| 0 spa d | ||
| 040 |
_aMUNICIPALIDAD PROVINCIAL DEL CUSCO _cBIBLIOTECA MUNICIPAL DEL CUSCO |
||
| 082 |
_a377.2 / _bB75 |
||
| 100 |
_aBostwick, Harold S. _940534 |
||
| 245 |
_aManual del pedagógico practico : _bProcedimientos prácticos para los maestros de talleres y materias académicas / |
||
| 260 |
_aMéxico : _bTrillas, _c1965. |
||
| 300 |
_a77 páginas ; _c22 cm. |
||
| 505 | _aContenido: Cómo enfrentarse al grupo por primera vez -- Procedimientos prácticos generales para todo el año -- Dé novedad a su enseñanza ... | ||
| 650 |
_aEducación _9460 |
||
| 650 |
_aAprendizaje _92143 |
||
| 650 |
_aConocimiento _95704 |
||
| 942 |
_2ddc _cLIBROS |
||
| 945 |
_arah _d2019-05-17 |
||